000 02823nam a2200289 i 4500
001 184220
003 ES-MaACL
005 20250630160441.0
008 150511m19711972sp ao |||| |cspa d
040 _cES-MaACL
080 _a929-055.2(100)
245 0 4 _aLas inmortales :
_b100 mujeres en la historia /
_cdirector, Enzo Orlandi.
246 _a100 mujeres inmortales
246 _aCien mujeres inmortales
246 _aCien mujeres en la historia
260 _aMadrid :
_bPrensa Española,
_c[1971-1972]
300 _a14 volúmenes :
_bilustraciones (blanco y negro y color) ;
_c29 cm
500 _aÍndices
505 8 _a1. María Sofía d'Agoult. Agripina la Joven. La duquesa de Alba. Luisa de Albany. Ana Bolena. Elisabeth Barret Browning. Beatriz -- 2. Josefina Beauharnais. Harriet Beecher Stowe. Sara Bernhardt. Paulina Borghese. Lucrecia Borgia. Bettina Brentano. Las hermanas Brontë -- 3. La madre Cabrini. Blanca Capello. Carlota de Méjico. Rosalba Carriera. La condesa de Castiglone. Catalina Cornaro. Catalina de Médicis -- 4. Catalina de Rusia. Catalina de Siena. Beatriz Cenci. Cleopatra. Victoria Colonna. Carlota Corday. Constanza de Altavilla -- 5. Cristina de Suecia. María Curie. Virginia de Leyva. María Dorval. Madame Dubarry. Isadora Duncan. María Duplessis. Eleonora Duse -- 6. Helena de Troya. La emperatriz Elena. Isabel de Austria. Isabel de Inglaterra. Eloísa. Gabriela d'Estrées. Madama d'Etampes -- 7. Francesca de Rimini. Anita Garibaldi. Juana de Anjou. Juana de Arco. Judit. Teresa Guiccioli. Lady Hamilton -- 8. La emperatriz Irene. Isabel de Castilla. Isabel de Este. Isolda. Angélica Kauffmann. Madame de La Fayette. Laura. Madame de La Vallière -- 9. Lucrecia. Madame de Maintenon. María Malibrán. Margarita de Angulema. Margarita de Austria. María de Molina. María Antonieta -- 10. María Luisa de Austria. María Teresa de Austria. Mata Hari. Matilde de Toscana. Cleo de Mérode. Mesalina. Emilia Pardo Bazán -- 11. Lola Montes. Eugenia de Montijo. Florence Nightingale. Carolina Otero. Judith Pasta. Adelina Patti. Diana de Poitiers -- 12. Madame de Pompadour. Julia Récamier. Madame Roland. La reina de Saba. Safo. George Sand. Madeleine de Scudéry -- 13. Madame de Sévigné. María Cristina de Habsburgo-Lorena. Madame de Staël. María Estuardo. María Taglioni. Teodolinda. Teodora de Bizancio -- 14. Teresa de Ávila. María Tudor. María Vetsera. Madame Vigée-Lebrun. La reina Victoria [de Inglaterra]. Cósima Wagner. María Walewska
600 1 4 _9241146
_aBrontë, Charlotte,
_d1816-1855
650 1 4 _aMujeres-
_xBiografías.
_915255
700 1 _aOrlandi, Enzo.
_9156854
_epbd
852 _aES-MaACL
_cDEPO2
_jE-15617-30
_xCartoné
942 _cMONOGRAFIA
_n0
999 _c184220
_d184220